000 00873nam a2200229 a 4500
001 13374
003 BD-JhCC
005 20230910193122.0
008 230910s20212018bg |||| |||| 000 0 be d
020 _a984700226001135
035 _a(BD-JhCC)
040 _aBD-JhCC
_dBD-JhCC
041 _aben
082 _a920
_bHAR 2018
100 _aহার্ট, মাইকেল এইচ
245 _aশত মনীষীর জীবনী /
_cমাইকেল এইচ হার্ট এবং অনুবাদক অধ্যাপক রঞ্জন দাসগুপ্ত
260 _aঢাকা :
_bজোনাকি প্রকাশনী,
_c২০১৮
300 _a৫৯১ পৃ. :
_c২১ সেমি.
650 _aCollection of Biography
700 _aদাসগুপ্ত, অধ্যাপক রঞ্জন
942 _2ddc
_cBK
999 _c13374
_d13374